000 01094pam a2200289 a 4500
001 4396381
003 OSt
005 20150525135309.0
008 920709s1992 enka 001 0 eng
010 _a 92027653
020 _a0198562543 :
_c$46.75
020 _a0198562551 (pbk.) :
_c$20.50
040 _aDLC
_cDLC
_dDLC
050 0 0 _aTJ265
_b.W39 1992
082 0 0 _a620 WHA 1999
_220
100 1 _aWhalley, P. B.
_94877
245 1 0 _aBasic engineering thermodynamics /
_cP.B. Whalley.
260 _aOxford ;
_aNew York :
_bOxford University Press,
_c1992.
300 _axi, 230 p. :
_bill. ;
_c24 cm.
500 _aIncludes index.
650 0 _aThermodynamics.
_94878
856 4 2 _3Publisher description
_uhttp://www.loc.gov/catdir/enhancements/fy0604/92027653-d.html
856 4 1 _3Table of contents only
_uhttp://www.loc.gov/catdir/enhancements/fy0604/92027653-t.html
906 _a7
_bcbc
_corignew
_d1
_eocip
_f19
_gy-gencatlg
942 _2z
_cSLOAN
999 _c1856
_d1856